书目信息 |
| 题名: |
考研数学基础过关500题
|
|
| 作者: | 世华 主编 | |
| 分册: | 理工类 | |
| 出版信息: | 北京 世界图书出版公司 2008.02 |
|
| 页数: | 206页 | |
| 开本: | 28cm | |
| 丛书名: | ||
| 单 册: | ||
| 中图分类: | O13-44 | |
| 科图分类: | ||
| 主题词: | 高等数学 | |
| 电子资源: | ||
| ISBN: | 978-7-5062-8166-9 | |
| 000 | 00633nam0 2200205 450 | |
| 001 | 0960015054 | |
| 005 | 20091117082041.56 | |
| 010 | @a978-7-5062-8166-9@dCNY21.50 | |
| 100 | @a20091113d2008 km y0chiy0120 ea | |
| 101 | 0 | @achi |
| 102 | @aCN@b110000 | |
| 200 | 1 | @a考研数学基础过关500题@Akao yan shu xue ji chu guo guan 500 ti@i理工类@f世华主编@Fshi hua zhu bian |
| 210 | @a北京@c世界图书出版公司@d2008.02 | |
| 215 | @a206页@d28cm | |
| 517 | 1 | @a理工类@Ali gong lei |
| 606 | 0 | @a高等数学 |
| 690 | @aO13-44@v4 | |
| 701 | 0 | @a世华@Ashi hua@4主编 |
| 801 | 0 | @aCN@b大连网信软件有限公司图书馆·11@c20091117 |
| 905 | @aZUCC@dO13-44@eS6003 | |
| 考研数学基础过关500题.理工类/世华主编.-北京:世界图书出版公司,2008.02 |
| 206页;28cm |
| ISBN 978-7-5062-8166-9:CNY21.50 |
| ● |
| 相关链接 |
|
|
|
正题名:考研数学基础过关500题
索取号:O13-44/S6003
 
预约/预借
| 序号 | 登录号 | 条形码 | 馆藏地/架位号 | 状态 | 备注 |
| 1 | 469528 | 204695286 | 自科库401/ [索取号:O13-44/S6003] | 在馆 |